Database list of USA importers and buying agents : autumn 2010 edition.
| Format: | Book |
|---|---|
| Published: |
Florida:
American Importers Association,
2010.
|
| LEADER | 00314cam a2200085 7i4500 | ||
|---|---|---|---|
| 001 | 0000025574 | ||
| 005 | 20101229090000.0 | ||
| 245 | 0 | 0 | |a Database list of USA importers and buying agents : |b autumn 2010 edition. |
| 260 | 0 | 0 | |a Florida: |b American Importers Association, |c 2010. |
| 999 | |a CDR001020B |b CD-ROM |c AV Collection |e Business Information Centre | ||